Na digitál letáky prechádzajú pomaly
Automatizácia, robotizácia, umelá inteligencia. To sú pojmy, ktoré dnes hýbu biznisovým svetom a neobchádzajú ani takú zdanlivo stabilnú kategóriu, akou sú letáky a letákové akcie. Analýza obrovského množstva dát, z ktorého obchodník potrebuje vybrať, čo bude najbližšie propagovať, je veľmi dôležito...
Salvato in:
| Autore principale: | |
|---|---|
| Natura: | Capitolo di libro |
| Lingua: | slovacco |
| Soggetti: | |
| Tags: |
Nessun Tag, puoi essere il primo ad aggiungerne!!
|
MARC
| LEADER | 00000naa a2200000 4500 | ||
|---|---|---|---|
| 001 | 0311922 | ||
| 005 | 20250821111000.9 | ||
| 041 | 0 | |a slo | |
| 044 | |a CZ | ||
| 245 | 1 | 0 | |a Na digitál letáky prechádzajú pomaly |c Peter Kapitán |
| 520 | |a Automatizácia, robotizácia, umelá inteligencia. To sú pojmy, ktoré dnes hýbu biznisovým svetom a neobchádzajú ani takú zdanlivo stabilnú kategóriu, akou sú letáky a letákové akcie. Analýza obrovského množstva dát, z ktorého obchodník potrebuje vybrať, čo bude najbližšie propagovať, je veľmi dôležitou súčasťou lákania spotrebiteľov do predajní. Obchodníci sa totiž zhodujú v tom, že akciové letáky stále zostávajú dôležitým jazýčkom na váhach pri rozhodovaní, do akého obchodu napokon spotrebiteľ vojde. | ||
| 610 | 2 | 0 | |a prostriedky reklamné |
| 610 | 2 | 0 | |a podpora predaja |
| 610 | 2 | 0 | |a zľavy obchodné |
| 610 | 2 | 0 | |a dopyt spotrebiteľský |
| 610 | 2 | 0 | |a digitalizácia |
| 610 | 2 | 0 | |a aplikácie mobilné |
| 100 | 1 | |a Kapitán, Peter | |